000 nam a22 7a 4500
999 _c55484
_d55484
003 OSt
005 20220813112034.0
008 220813b xxu||||| |||| 00| 0 eng d
040 _cIIMT UNIVERSITY MEERUT
100 _aGOYAL, SHWETA
245 _aINDUSTRIAL ELECTRONICS AND CONTROL OF DRIVES
260 _bDELHI, S. ,K KATARIA
300 _a253
942 _2ddc
_c09